De paso por la vida : (Record no. 195867)

MARC details
000 -LEADER
campo de control de longitud fija 01630nam a2200361 i 4500
001 - NÚMERO DE CONTROL
campo de control 195867
003 - IDENTIFICADOR DE NÚMERO DE CONTROL
campo de control SpMaBN
005 - FECHA Y HORA DE LA ÚLTIMA TRANSACCIÓN
campo de control 20250323063049.0
008 - DATOS DE LONGITUD FIJA--INFORMACIÓN GENERAL
campo de control de longitud fija 240727s2016 sp a | ||||o010 0 spa
017 ## - NÚMERO DE COPYRIGHT O DE DEPÓSITO LEGAL
Número de copyright o de depósito legal M 12597-2016
Agencia que asigna Oficina Depósito Legal Madrid
020 ## - NÚMERO INTERNACIONAL ESTÁNDAR DEL LIBRO
Número Internacional Estándar del Libro 9788416599707
035 ## - NÚMERO DE CONTROL DEL SISTEMA
Número de control de sistema (OCoLC)952991309
035 ## - NÚMERO DE CONTROL DEL SISTEMA
Número de control de sistema a5810095
040 ## - FUENTE DE CATALOGACIÓN
Centro catalogador/agencia de origen SpMaBN
Lengua de catalogación spa
Centro/agencia transcriptor SpMaBN
Normas de descripción rdc
Centro/agencia modificador ES-MaACL
080 ## - NÚMERO DE LA CLASIFICACIÓN DECIMAL UNIVERSAL
Número de la Clasificación Decimal Universal 929 Paso, Fernando del (083.824)
245 00 - MENCIÓN DEL TÍTULO
Título De paso por la vida :
Resto del título homenaje a Fernando del Paso, Premio Cervantes /
Mención de responsabilidad, etc. [Museo Luis González Robles, del 26 de abril al 17 de junio de 2016 comisariado, Jesús Cañete Ochoa, Paulina del Paso].
260 ## - PUBLICACIÓN, DISTRIBUCIÓN, ETC.
Lugar de publicación, distribución, etc. [Alcalá de Henares] :
Nombre del editor, distribuidor, etc. Servicio de Publicaciones de la Universidad de Alcalá,
Fecha de publicación, distribución, etc. imp. 2016.
300 ## - DESCRIPCIÓN FÍSICA
Extensión 168 p. :
Otras características físicas principalmente il. col. y n. ;
Dimensiones 25 cm.
336 ## - TIPO DE CONTENIDO
Término de tipo de contenido Imagen (fija ; bidimensional ; visual)
-- Texto (visual)
Fuente isbdcontent
337 ## - TIPO DE MEDIO
Nombre/término del tipo de medio sin mediación
Fuente isbdmedia
338 ## - TIPO DE SOPORTE
Fuente rdacarrier
Nombre/término del tipo de soporte volumen
600 04 - PUNTO DE ACCESO ADICIONAL DE MATERIA--NOMBRE DE PERSONA
Nombre de persona Paso, Fernando del,
Fechas asociadas al nombre 1935-2018
Fuente del encabezamiento o término embne
9 (RLIN) 89422
655 #7 - TERMINO DE INDIZACIÓN--GENERO/FORMA
Fuente del término tgfbne
9 (RLIN) 193628
Datos o término principal de género/forma Catálogos de exposiciones
700 0# - ENTRADA AGREGADA--NOMBRE PERSONAL
Nombre de persona Paso, Fernando del,
Fechas asociadas al nombre 1935-2018
9 (RLIN) 89422
700 1# - ENTRADA AGREGADA--NOMBRE PERSONAL
Nombre de persona Cañete Ochoa, Jesús,
Fechas asociadas al nombre 1967-
9 (RLIN) 157453
Término indicativo de función/relación Comisario
700 ## - ENTRADA AGREGADA--NOMBRE PERSONAL
Nombre de persona Paso, Paulina del
9 (RLIN) 237622
Término indicativo de función/relación Comisario
710 ## - ENTRADA AGREGADA--NOMBRE DE ENTIDAD CORPORATIVA
Nombre de entidad corporativa o nombre de jurisdicción como elemento de entrada Museo Luis González Robles
9 (RLIN) 237623
852 ## - LOCALIZACIÓN
Ubicación ES-MaACL
Sublocalización o colección R.152119
Ubicación en estantería Depósito J
Número de control de estantería N-8982
Donativo/Legado Donación: Editorial
Encuadernación Encuadernación rústica con solapas
itemnumber 204850
942 ## - ELEMENTOS DE ENTRADA SECUNDARIOS (KOHA)
Tipo de ítem Koha Libro impreso
Suprimir en OPAC No
Holdings
Estatus retirado Estado de pérdida Fuente del sistema de clasificación o colocación Estado de daño No para préstamo Biblioteca de origen Biblioteca actual Ubicación en estantería Fecha de adquisición Fuente de adquisición Total de préstamos Signatura topográfica completa Código de barras Visto por última vez Precio de reemplazo Tipo de ítem Koha
    Clasificación decimal universal     Biblioteca del Ateneo de Madrid Biblioteca del Ateneo de Madrid Depósito J 21/03/2025 Donación   N-8982 101229698 21/03/2025 21/03/2025 Libro impreso